| 000 | 00747 a2200217 4500 | ||
|---|---|---|---|
| 001 | 59962 | ||
| 005 | 20260407155852.0 | ||
| 008 | 260407a1957 arg spa d | ||
| 003 | AR-UNSa-BCEJYS | ||
| 040 |
_aAR-UNSa-BCEJYS _bspa _cAR-UNSa-BCEJYS |
||
| 080 |
_a343.226 _xCoacción. Estado de necesidad |
||
| 245 | 1 | 0 | _aEl estado de necesidad en el derecho constitucional y administrativo |
| 250 | _a2a. ed. | ||
| 264 | 1 |
_aBuenos Aires : _bRoque Depalma Editor _c1957 |
|
| 300 |
_a137 p. _c24 cm. |
||
| 505 | _a1. Examen general de la institución - 2. El estado de necesidad en el derecho constitucional y en el derecho administrativo | ||
| 041 | _aspa | ||
| 942 | _cBK | ||
| 590 | _aniveau_biblio:m niveau_hierar:0 | ||
| 100 | 1 | _aBielsa, Rafael | |
| 999 |
_c6858 _d6858 |
||